| 000 | 00558nam a2200145Ia 4500 | ||
|---|---|---|---|
| 008 | 100122s9999 xx 000 0 und d | ||
| 082 |
_b21723 _a822.08 |
||
| 100 | _aदांडेकर ज दि | ||
| 245 | _aपांगुळगाडा आणि इतर अेकांकिका | ||
| 260 |
_bवि.र.बाम _c1963 |
||
| 300 | _a100 | ||
| 630 | _aपांगुळगाडा आणि इतर अेकांकिका | ||
| 730 | _aपांगुळगाडा आणि इतर अेकांकिका | ||
| 942 | _cBOOK | ||
| 999 |
_c409678 _d409675 |
||